Nový Pokrok týždenník pre občanov okresu Veľký Krtíš

Podrobná bibliografia
Nový názov:Pokrok
Predchádzajúci názov:Pokrok
Ďalší autori: Hornáčeková, Ružena (Šéfredaktor, zodpovedný redaktor)
Médium: Noviny
Jazyk:slovenčina
Fyzický popis:11 zv. 30 cm
Vydavateľské údaje: Veľký Krtíš Novapress 1994-2004
ISSN:1336-068X
Predmet:

MARC

LEADER 00000cas a2200000 a 4500
001 vtls001467893
003 SK-MaSNL
005 20260228155913.0
008 040206d19942004xo wr|n 0 0b0slo
022 |a 1336-068X 
035 |a SNK000423198 
040 |a SNK  |b slo  |c SNK  |e AACR2 
041 0 |a slo 
043 |a e-xo--- 
044 |a xo  |c SK 
072 7 |a 316.7  |x Sociológia kultúry. Kultúrny život  |2 konspekt 
080 |a 316.728  |2 2011 
080 |a 050  |2 2001 
080 |a (437.6)  |2 2011 
080 |a (051)+(054)(437.6)  |2 2011 
210 0 |a Nový pokrok 
222 0 |a Nový pokrok 
245 0 0 |a Nový Pokrok  |b týždenník pre občanov okresu Veľký Krtíš 
260 |a Veľký Krtíš  |b Novapress  |c 1994-2004 
300 |a 11 zv.  |c 30 cm 
310 |a 1x týždenne 
362 0 |a Roč. I. (XXI.), č. 1 (1994)-roč. XI. (XXXI.), č. 20 (2004) 
500 |a Reg. č.: MK SR 1307/95 
500 |a Šéfred.: 1994-2004, Ružena Hornáčeková 
500 |a Tlač.: Gemerské tlačiarne - Rimavská Sobota ; od 35/1994 Nikara, Krupina ; od 10/1995 Arktika, Malý Krtíš ; od 19/1995 Tlačiareň Lučenec, Lučenec ; od 45/1995 Novopress, Lučenec ; od 3/1996 Ex-print, Lučenec ; od 3/1996 Framil, Veľký Krtíš 
500 |a Zmena podnázvu: od 38/1995: regionálny týždenník ; od 5/1996: spravodajský týždenník 
500 |a Od 21/2004 sa vrátil k pôvodnému názvu Pokrok 
650 0 7 |a spoločenský život  |2 SNKPH  |9 28654 
651 7 |a Veľký Krtíš (Slovensko : okres)  |2 SNKPHgeo  |9 24950 
655 7 |a regionálne periodiká  |2 SNKPH  |9 131775 
700 1 |a Hornáčeková, Ružena  |4 pbd  |9 265568 
780 0 0 |t Pokrok  |w vtls008882815 
785 0 8 |t Pokrok  |w vtls008882815 
852 |a Štátna vedecká knižnica v Banskej Bystrici 
910 |a snk 
916 |a 1994-2004 
958 |a OND 
999 |c 852  |d 852 
952 |0 0  |1 0  |4 0  |7 0  |8 0  |a SNK  |b SNK  |d 2006-04-24  |f 1  |i snk2006/8340  |l 0  |o snkČSA 954/7(27)2000  |p 17A0488915  |r 2026-02-21 19:58:25  |t č. 1-52, neúplné  |w 2026-02-21  |y PREZ  |z Chýba č. 42,49,50 
952 |0 0  |1 0  |4 0  |7 0  |8 0  |a SNK  |b SNK  |d 2006-04-24  |i snk2006/8342  |l 0  |o snkČSA 954/7(27)2000 D1  |p 17A0488916  |r 2026-02-21 19:58:25  |t č. 1-52, neúplné  |w 2026-02-21  |y PREZ  |z Chýba č. 32,38,42,46,49,50 
952 |0 0  |1 0  |4 0  |7 0  |8 0  |a SNK  |b SNK  |d 2006-10-16  |f 1  |i snk2006/20921  |l 0  |o snkČSA 954/8(28)2001  |p 17A0488729  |r 2026-02-21 20:04:22  |t č. 1-51, neúplné  |w 2026-02-21  |y PREZ  |z Chýba č. 25 
952 |0 0  |1 0  |4 0  |7 0  |8 0  |a SNK  |b SNK  |d 2006-10-16  |i snk2006/20924  |l 0  |o snkČSA 954/8(28)2001 D1  |p 17A1316687  |r 2026-02-21 20:04:22  |t č. 1-51, neúplné  |w 2026-02-21  |y PREZ  |z Chýba č.24, 25, 41, 48 
952 |0 0  |1 0  |4 0  |7 0  |8 0  |a SNK  |b SNK  |d 2006-10-16  |f 1  |i snk2006/20929  |l 0  |o snkČSA 954/9(29)2002  |p 17A0488731  |r 2026-02-21 20:04:22  |t č. 1-51, neúplné  |w 2026-02-21  |y PREZ  |z Chýba č. 5,17 
952 |0 0  |1 0  |4 0  |7 0  |8 0  |a SNK  |b SNK  |d 2006-10-16  |i snk2006/20933  |l 0  |o snkČSA 954/9(29)2002 D1  |p 17A1316688  |r 2026-02-21 20:04:24  |t č. 1-51, neúplné  |w 2026-02-21  |y PREZ  |z Chýba č. 3, 5, 16, 17, 29, 35 
952 |0 0  |1 0  |4 0  |7 0  |8 0  |a SNK  |b SNK  |d 2006-10-16  |f 1  |i snk2006/20936  |l 0  |o snkČSA 954/10(30)2003  |p 17A0488733  |r 2026-02-21 20:04:24  |t č. 1-52, neúplné  |w 2026-02-21  |y PREZ  |z Chýba č. 48 
952 |0 0  |1 0  |4 0  |7 0  |8 0  |a SNK  |b SNK  |d 2006-10-16  |i snk2006/20939  |l 0  |o snkČSA 954/10(30)2003 D1  |p 17A1316689  |r 2026-02-21 20:04:24  |t č. 1-52, neúplné  |w 2026-02-21  |y PREZ  |z Chýba č. 25, 48 
952 |0 0  |1 0  |4 0  |7 0  |a SNK  |b SNK  |d 2015-09-24  |f 1  |i snkČSP 1884/2004  |l 0  |o snkČSA 954/6(26)/1999  |p 17A0790587  |r 2026-02-21 20:43:52  |t č. 1-52  |w 2026-02-21  |y PREZ 
952 |0 0  |1 0  |4 0  |7 0  |a SNK  |b SNK  |d 2015-09-24  |f 1  |i snkČSP 1696/99  |l 0  |o snkČSA 954/4(24)/1997  |p 17A0819028  |r 2026-02-21 20:43:53  |t č. 1-52  |w 2026-02-21  |y PREZ  |z č. 14 nevyšlo 
952 |0 0  |1 0  |4 0  |7 0  |a SNK  |b SNK  |d 2015-09-24  |f 1  |i snkČSP 1698/99  |l 0  |o snkČSA 954/3(23)/1996  |p 17A0819027  |r 2026-02-21 20:43:53  |t č. 1-53  |w 2026-02-21  |y PREZ  |z č. 15 nevyšlo 
952 |0 0  |1 0  |4 0  |7 0  |a SNK  |b SNK  |d 2015-09-24  |f 1  |i snkČSP 867/96  |l 0  |o snkČSA 954/2(22)/1995  |p 17A0819026  |r 2026-02-21 20:43:57  |t č. 1-47  |w 2026-02-21  |y PREZ 
952 |0 0  |1 0  |4 0  |7 0  |a SNK  |b SNK  |d 2015-09-24  |f 1  |i snkČSP 869/96  |l 0  |o snkČSA 954/1(21)/1994  |p 17A0819025  |r 2026-02-21 20:44:00  |t č. 1-47, neúplné  |w 2026-02-21  |y PREZ  |z chýba č. 18 
952 |0 0  |1 0  |4 0  |7 0  |8 0  |a SNK  |b SNK  |d 2015-09-25  |f 1  |i snk2015/27146  |l 0  |o snkČSA 954/11(31)/2004  |p 17A1146460  |r 2026-02-21 20:44:00  |t č. 1-20, neúplné  |w 2026-02-21  |y PREZ  |z chýba č. 11 
952 |0 0  |1 0  |4 0  |7 0  |8 0  |a SNK  |b SNK  |d 2015-09-25  |f 1  |i snk2015/27263  |l 0  |o snkČSA 954/5(25)/1998  |p 17A0463762  |r 2026-02-21 20:53:05  |t č. 1-52  |w 2026-02-21  |y PREZ 
952 |0 0  |1 0  |4 0  |7 0  |8 0  |a SNK  |b SNK  |d 2015-09-25  |i snk2015/27264  |l 0  |o snkČSA 954/5(25)/1998 D1  |p 17A1348128  |r 2026-02-21 20:53:05  |t č. 1-52, neúplné  |w 2026-02-21  |y PREZ  |z Chýba č. 23